[Event "58 POL Ch"]
[Site "Warszawa"]
[Date "2001.03.21"]
[Round "4"]
[White "Socko, Bartosz"]
[Black "Markowski, Tomasz"]
[Result "1/2-1/2"]
[WhiteElo "2557"]
[BlackElo "2595"]
[PlyCount "112"]
[EventDate "2001.03.18"]
[Source "PolBase"]
[SourceDate "2001.03.21"]

1. e4 d6 2. d4 Nf6 3. Nc3 g6 4. f4 Bg7 5. Nf3 O-O 6. Be3 Nbd7 7. Qd2 c5 8.
O-O-O Ng4 9. Kb1 Nxe3 10. Qxe3 Qa5 11. Be2 Rb8 12. e5 cxd4 13. Rxd4 dxe5 14.
fxe5 Nxe5 15. Rd5 Ng4 16. Qf4 Qb6 17. Qxb8 Bxc3 18. Rb5 Qf2 19. bxc3 Qxe2 20.
Rc5 Bf5 21. Qf4 Qxc2+ 22. Ka1 Rd8 23. Nd4 Qxg2 24. Qf1 Qxf1+ 25. Rxf1 Bd3 26.
Re1 e5 27. h3 exd4 28. hxg4 dxc3 29. Rxc3 Ba6 30. Rc7 h6 31. Ree7 Rd1+ 32. Kb2
Rf1 33. Kc2 Kg7 34. Kd2 g5 35. a4 Rf4 36. a5 Kg6 37. Ke3 Rxg4 38. Rxf7 Ra4 39.
Rg7+ Kh5 40. Rc5 Rf4 41. Rc1 Rh4 42. Kf3 Bc4 43. Rd1 Bb5 44. Rd6 Bc6+ 45. Ke3
Ra4 46. Rh7 Rxa5 47. Rhxh6+ Kg4 48. Rd3 Ra1 49. Rhd6 a5 50. Rd1 Ra3+ 51. Kd4
Kf5 52. Rf1+ Kg4 53. Rg6 Kh5 54. Rg8 Kh4 55. Rg1 Ra4+ 56. Ke5 Re4+ 1/2-1/2

[Event "58 POL Ch"]
[Site "Warszawa"]
[Date "2001.03.22"]
[Round "5"]
[White "Markowski, Tomasz"]
[Black "Cyborowski, Lukasz"]
[Result "1/2-1/2"]
[WhiteElo "2595"]
[BlackElo "2437"]
[PlyCount "64"]
[EventDate "2001.03.18"]
[Source "PolBase"]
[SourceDate "2001.03.21"]

1. g3 g6 2. Bg2 Bg7 3. c4 c5 4. Nc3 Nc6 5. b3 Nf6 6. Bb2 O-O 7. d3 e6 8. Bxc6
bxc6 9. f4 e5 10. fxe5 Ng4 11. Nf3 Nxe5 12. Nxe5 Bxe5 13. Qd2 d5 14. Na4 Bxb2
15. Qxb2 Bg4 16. O-O dxc4 17. Rf4 f5 18. Rxc4 Qe7 19. Qd2 Qxe2 20. Qxe2 Bxe2
21. Nxc5 Rfd8 22. Rc3 Bf3 23. Kf2 Bd5 24. Re1 Re8 25. Rxe8+ Rxe8 26. Na6 Kf7
27. Nb4 Re6 28. Rc5 Bh1 29. Rc1 Bd5 30. Rc5 Bh1 31. Ra5 Re7 32. Rc5 Re6 1/2-1/2

[Event "58 POL Ch"]
[Site "Warszawa"]
[Date "2001.03.22"]
[Round "5"]
[White "Gdanski, Jacek"]
[Black "Socko, Bartosz"]
[Result "1/2-1/2"]
[WhiteElo "2548"]
[BlackElo "2557"]
[PlyCount "85"]
[EventDate "2001.03.18"]
[Source "PolBase"]
[SourceDate "2001.03.21"]

1. e4 e6 2. d4 d5 3. Nc3 Bb4 4. e5 Ne7 5. a3 Bxc3+ 6. bxc3 c5 7. Qg4 Kf8 8. Bd2
Qc7 9. Bd3 b6 10. Nh3 Ba6 11. O-O Bxd3 12. cxd3 Nbc6 13. dxc5 bxc5 14. Rfe1 Ng6
15. d4 c4 16. Ng5 Qd7 17. Re3 Kg8 18. Rf3 Rf8 19. Rb1 Nce7 20. h4 h6 21. h5
hxg5 22. Qxg5 Qc7 23. Rh3 Rb8 24. Rxb8+ Qxb8 25. hxg6 Nxg6 26. Rxh8+ Kxh8 27.
Bc1 Qb3 28. Qd2 Kg8 29. f3 Qb1 30. Kf2 Ne7 31. g4 Nc6 32. Kg3 a6 33. Kf2 Na5
34. Qg5 Qc2+ 35. Qd2 Qh7 36. Kg3 Qh1 37. Qg5 Qe1+ 38. Kg2 Qe2+ 39. Kg3 Nc6 40.
Qd2 Qd3 41. Kg2 Na5 42. Kg3 Nc6 43. Qg5 1/2-1/2

[Event "58 POL Ch"]
[Site "Warszawa"]
[Date "2001.03.22"]
[Round "5"]
[White "Grabarczyk, Miroslaw"]
[Black "Jaracz, Pawel"]
[Result "1/2-1/2"]
[WhiteElo "2495"]
[BlackElo "2477"]
[PlyCount "58"]
[EventDate "2001.03.18"]
[Source "PolBase"]
[SourceDate "2001.03.21"]

1. d4 d5 2. c4 c6 3. Nf3 dxc4 4. e3 b5 5. a4 e6 6. b3 Bb4+ 7. Bd2 Bxd2+ 8.
Nfxd2 a5 9. bxc4 b4 10. c5 Nf6 11. Nc4 O-O 12. Nbd2 Ba6 13. Nb6 Ra7 14. Bxa6
Rxa6 15. Nb3 Nbd7 16. Nc4 Qc7 17. O-O Nd5 18. e4 Nc3 19. Qd3 Raa8 20. f4 f5 21.
Nd6 fxe4 22. Nxe4 Nxe4 23. Qxe4 Rae8 24. Rae1 g6 25. g3 Rf5 26. Qd3 Qa7 27. g4
Rd5 28. Qc2 Nf6 29. h3 Qc7 1/2-1/2

[Event "58 POL Ch"]
[Site "Warszawa"]
[Date "2001.03.22"]
[Round "5"]
[White "Kempinski, Robert"]
[Black "Macieja, Bartlomiej"]
[Result "1/2-1/2"]
[WhiteElo "2554"]
[BlackElo "2583"]
[PlyCount "25"]
[EventDate "2001.03.18"]
[Source "PolBase"]
[SourceDate "2001.03.21"]

1. d4 Nf6 2. c4 e6 3. Nf3 Bb4+ 4. Nbd2 b6 5. e3 Bb7 6. Be2 O-O 7. O-O c5 8. a3
Bxd2 9. Qxd2 cxd4 10. Qxd4 Nc6 11. Qd3 d5 12. cxd5 Nxd5 13. b4 1/2-1/2

[Event "58 POL Ch"]
[Site "Warszawa"]
[Date "2001.03.22"]
[Round "5"]
[White "Blehm, Pawel"]
[Black "Urban, Klaudiusz"]
[Result "1-0"]
[WhiteElo "2512"]
[BlackElo "2434"]
[PlyCount "80"]
[EventDate "2001.03.18"]
[Source "PolBase"]
[SourceDate "2001.03.21"]

1. e4 g6 2. d4 c6 3. Nf3 Bg7 4. Nc3 d5 5. h3 dxe4 6. Nxe4 Bf5 7. Ng3 Be6 8. Be3
Bd5 9. Be2 Nf6 10. O-O Nbd7 11. Nd2 b5 12. c3 Be6 13. Nf3 O-O 14. b3 Nd5 15.
Bd2 N5b6 16. Rc1 Bd5 17. Bf4 Rc8 18. Re1 Bxf3 19. Bxf3 Nd5 20. Bxd5 cxd5 21.
Qe2 b4 22. cxb4 Rxc1 23. Bxc1 e6 24. Be3 Qb6 25. Qd2 Rb8 26. Rc1 Bf8 27. a3 a5
28. Bf4 Rb7 29. Rc8 axb4 30. a4 f6 31. Ne2 Kf7 32. Qc2 Qa6 33. Nc1 Qb6 34. Ne2
Qa6 35. Bg3 Qa7 36. h4 Be7 37. h5 Nf8 38. Qc6 Kg7 39. a5 g5 40. a6 Rb6 1-0

[Event "58 POL Ch"]
[Site "Warszawa"]
[Date "2001.03.22"]
[Round "5"]
[White "Bartel, Mateusz"]
[Black "Gajewski, Grzegorz"]
[Result "0-1"]
[WhiteElo "2392"]
[BlackElo "2352"]
[PlyCount "80"]
[EventDate "2001.03.18"]
[Source "PolBase"]
[SourceDate "2001.03.21"]

1. e4 c5 2. Nf3 d6 3. c3 Nf6 4. Be2 g6 5. O-O Bg7 6. Qc2 O-O 7. d4 cxd4 8. cxd4
d5 9. e5 Ne4 10. Nc3 Nc6 11. Be3 Nxc3 12. Qxc3 Bg4 13. Rfc1 Qb6 14. a4 a5 15.
Qc5 Qxb2 16. Bb5 Nb4 17. Qxe7 Nc2 18. Rab1 Qa2 19. Qh4 Nxe3 20. fxe3 Bf5 21.
Ra1 Qb3 22. Qf4 Rac8 23. g4 Rxc1+ 24. Rxc1 Bxg4 25. Rc7 Bf5 26. Kf2 Qb2+ 27.
Kg3 h6 28. Rxb7 Bc8 29. Rc7 g5 30. Nxg5 hxg5 31. Qxg5 Qb1 32. Kf2 Bf5 33. h4
Bg6 34. h5 Qh1 35. Be2 Be4 36. Qg3 Kh8 37. Bf3 Bxf3 38. Qxf3 Qh2+ 39. Kf1 f6
40. h6 Bxh6 0-1

[Event "58 POL Ch"]
[Site "Warszawa"]
[Date "2001.03.23"]
[Round "6"]
[White "Cyborowski, Lukasz"]
[Black "Gajewski, Grzegorz"]
[Result "1-0"]
[WhiteElo "2437"]
[BlackElo "2352"]
[PlyCount "95"]
[EventDate "2001.03.18"]
[Source "PolBase"]
[SourceDate "2001.03.21"]

1. e4 c5 2. Nf3 d6 3. d4 cxd4 4. Nxd4 Nf6 5. Nc3 e6 6. Be3 a6 7. Qd2 b5 8. f3
Nbd7 9. g4 Nb6 10. Qf2 Nfd7 11. f4 Bb7 12. f5 exf5 13. gxf5 Be7 14. O-O-O Bf6
15. Rg1 Rc8 16. Ndxb5 axb5 17. Bxb5 Nc4 18. Bxc4 Rxc4 19. Nb5 O-O 20. Nxd6 Rc7
21. Bh6 Qe7 22. Bf4 Ne5 23. Qg3 Ba6 24. Bh6 g6 25. Bxf8 Kxf8 26. fxg6 hxg6 27.
Qa3 Rc6 28. Rg3 Nd7 29. Rb3 Be5 30. Rb8+ Nxb8 31. Nf5 Bd6 32. Rxd6 Qg5+ 33.
Rd2+ Kg8 34. Ne7+ Kh7 35. Qh3+ Kg7 36. Nxc6 Nxc6 37. Qg3 Qf6 38. Qd6 Qf1+ 39.
Rd1 Qc4 40. Qd5 Qa4 41. a3 Be2 42. Re1 Bg4 43. Qc5 Kh7 44. b3 Qa6 45. Kb2 Qc8
46. a4 Qe6 47. a5 Qf6+ 48. e5 1-0

[Event "58 POL Ch"]
[Site "Warszawa"]
[Date "2001.03.23"]
[Round "6"]
[White "Kuczynski, Robert"]
[Black "Bartel, Mateusz"]
[Result "1/2-1/2"]
[WhiteElo "2504"]
[BlackElo "2392"]
[PlyCount "47"]
[EventDate "2001.03.18"]
[Source "PolBase"]
[SourceDate "2001.03.21"]

1. e4 c6 2. d4 d5 3. Nd2 dxe4 4. Nxe4 Bf5 5. Ng3 Bg6 6. h4 h6 7. Nf3 Nf6 8. Ne5
Bh7 9. Bd3 Bxd3 10. Qxd3 e6 11. Bd2 Nbd7 12. f4 Be7 13. O-O-O O-O 14. Qf3 Qc7
15. Rhe1 c5 16. Nxd7 Qxd7 17. dxc5 Qd5 18. Qxd5 Nxd5 19. Ne4 Bxh4 20. Rh1 Be7
21. c4 Nf6 22. Nxf6+ Bxf6 23. Be3 Rfc8 24. b3 1/2-1/2

[Event "58 POL Ch"]
[Site "Warszawa"]
[Date "2001.03.23"]
[Round "6"]
[White "Urban, Klaudiusz"]
[Black "Krasenkow, Michal"]
[Result "0-1"]
[WhiteElo "2434"]
[BlackElo "2658"]
[PlyCount "78"]
[EventDate "2001.03.18"]
[Source "PolBase"]
[SourceDate "2001.03.21"]

1. c4 e5 2. Nc3 d6 3. g3 g6 4. d4 Bg7 5. Nf3 exd4 6. Nxd4 Nc6 7. Nxc6 bxc6 8.
Bg2 Ne7 9. Bg5 f6 10. Bf4 Be6 11. c5 d5 12. Qa4 O-O 13. Qa5 Rc8 14. O-O g5 15.
Bd2 d4 16. Nd1 Bd5 17. e4 Bc4 18. Re1 Ng6 19. b3 Be6 20. Qa6 Qd7 21. Nb2 Bh3
22. Bxh3 Qxh3 23. Qf1 Qh5 24. Qe2 g4 25. Nd3 Ne5 26. Nxe5 fxe5 27. Qa6 Rcd8 28.
Rf1 Rf6 29. Qxa7 Bh6 30. Rad1 Rdf8 31. Qxc7 Qh3 32. Qxe5 Be3 33. Bxe3 dxe3 34.
Qg5+ Kh8 35. Rd7 exf2+ 36. Rxf2 Qxh2+ 37. Kxh2 Rxf2+ 38. Kg1 Rf1+ 39. Kg2 R8f2#
0-1

[Event "58 POL Ch"]
[Site "Warszawa"]
[Date "2001.03.23"]
[Round "6"]
[White "Macieja, Bartlomiej"]
[Black "Blehm, Pawel"]
[Result "0-1"]
[WhiteElo "2583"]
[BlackElo "2512"]
[PlyCount "114"]
[EventDate "2001.03.18"]
[Source "PolBase"]
[SourceDate "2001.03.21"]

1. e4 c5 2. Nc3 Nc6 3. Nf3 d6 4. d4 cxd4 5. Nxd4 Nf6 6. Bc4 Qb6 7. Ndb5 a6 8.
Be3 Qa5 9. Nd4 Ne5 10. Nb3 Qc7 11. Be2 e6 12. f4 Nc4 13. Bxc4 Qxc4 14. Qf3 e5
15. f5 b5 16. O-O-O Bd7 17. Kb1 Rc8 18. Rc1 h6 19. Nd2 Qc7 20. Nd5 Qb7 21. Rhd1
Bc6 22. Nb3 Bxd5 23. exd5 Qc7 24. c4 bxc4 25. Nd2 Qb7 26. Nxc4 Be7 27. Qg3 Kf8
28. Na5 Rxc1+ 29. Bxc1 Qd7 30. Qf3 Kg8 31. g4 Kh7 32. Nc6 Rc8 33. Nxe7 Qxe7 34.
g5 Qc7 35. Qg2 Nxd5 36. gxh6 g6 37. fxg6+ fxg6 38. a3 Nf4 39. Bxf4 exf4 40. Qe4
Qf7 41. Rf1 Rf8 42. Qd4 Qf5+ 43. Ka1 Qe5 44. Qd3 Kxh6 45. h4 Rf5 46. Qd1 d5 47.
Rf3 Qf6 48. Qf1 d4 49. Qf2 Re5 50. Qd2 Re3 51. Rf1 f3 52. Ka2 Kg7 53. h5 Re2
54. Qc1 d3 55. hxg6 Rc2 56. Qb1 f2 57. Ka1 Qe5 0-1

[Event "58 POL Ch"]
[Site "Warszawa"]
[Date "2001.03.23"]
[Round "6"]
[White "Jaracz, Pawel"]
[Black "Kempinski, Robert"]
[Result "1/2-1/2"]
[WhiteElo "2477"]
[BlackElo "2554"]
[PlyCount "23"]
[EventDate "2001.03.18"]
[Source "PolBase"]
[SourceDate "2001.03.21"]

1. e4 c5 2. Nc3 d6 3. f4 a6 4. g3 Nf6 5. Bg2 Nc6 6. d3 e6 7. Nf3 Qc7 8. O-O Be7
9. h3 b5 10. g4 Bb7 11. g5 Nd7 12. Be3 1/2-1/2

[Event "58 POL Ch"]
[Site "Warszawa"]
[Date "2001.03.23"]
[Round "6"]
[White "Socko, Bartosz"]
[Black "Grabarczyk, Miroslaw"]
[Result "1/2-1/2"]
[WhiteElo "2557"]
[BlackElo "2495"]
[PlyCount "59"]
[EventDate "2001.03.18"]
[Source "PolBase"]
[SourceDate "2001.03.21"]

1. e4 e5 2. Nf3 Nc6 3. Bb5 a6 4. Ba4 Nf6 5. O-O Be7 6. Re1 b5 7. Bb3 d6 8. c3
O-O 9. h3 Re8 10. d4 Bb7 11. Nbd2 Bf8 12. a3 h6 13. Bc2 Nb8 14. b4 a5 15. Bb2
Nbd7 16. Bd3 c6 17. Nb3 axb4 18. cxb4 Rb8 19. dxe5 dxe5 20. Rc1 Qb6 21. Qc2
Rbc8 22. Qe2 c5 23. bxc5 Nxc5 24. Nxc5 Rxc5 25. Rxc5 Bxc5 26. Nxe5 Nxe4 27.
Bxe4 Bxe4 28. Nd7 Qg6 29. g4 Qd6 30. Nxc5 1/2-1/2

[Event "58 POL Ch"]
[Site "Warszawa"]
[Date "2001.03.23"]
[Round "6"]
[White "Markowski, Tomasz"]
[Black "Gdanski, Jacek"]
[Result "1/2-1/2"]
[WhiteElo "2595"]
[BlackElo "2548"]
[PlyCount "61"]
[EventDate "2001.03.18"]
[Source "PolBase"]
[SourceDate "2001.03.21"]

1. d4 d5 2. Nf3 Nf6 3. c4 dxc4 4. e3 a6 5. Bxc4 e6 6. O-O c5 7. Bb3 Nc6 8. Nc3
cxd4 9. exd4 Be7 10. Re1 O-O 11. Bf4 Na5 12. d5 Nxb3 13. Qxb3 exd5 14. Rad1 Be6
15. Qxb7 Bc5 16. Be5 Qe7 17. Qxe7 Bxe7 18. Nd4 Rac8 19. Bg3 Bb4 20. Nxe6 fxe6
21. Rxe6 Bxc3 22. bxc3 Ne4 23. f3 Nxc3 24. Rd2 Rf6 25. Re1 h6 26. Bf2 Rf7 27.
h3 Rc4 28. Kh2 Rd7 29. Rc1 Kf7 30. Rcc2 Ke6 31. Rd3 1/2-1/2

[Event "58 POL Ch"]
[Site "Warszawa"]
[Date "2001.03.24"]
[Round "7"]
[White "Gdanski, Jacek"]
[Black "Cyborowski, Lukasz"]
[Result "1/2-1/2"]
[WhiteElo "2548"]
[BlackElo "2437"]
[PlyCount "109"]
[EventDate "2001.03.18"]
[Source "PolBase"]
[SourceDate "2001.03.21"]

1. e4 e5 2. Nf3 Nc6 3. Bb5 Nf6 4. O-O Nxe4 5. d4 Nd6 6. Bxc6 dxc6 7. dxe5 Ne4
8. Qe2 Bf5 9. Be3 Be7 10. Nd4 Qc8 11. Qc4 h6 12. f3 Ng5 13. Nc3 Bh7 14. f4 Ne6
15. Nxc6 bxc6 16. Qxc6+ Kf8 17. f5 Nd8 18. Qf3 Qb7 19. Nd5 c6 20. Nxe7 Qxe7 21.
Rae1 Kg8 22. Qg3 Ne6 23. fxe6 fxe6 24. Qf2 Bg6 25. Bc5 Qb7 26. b3 Kh7 27. Rd1
Rhd8 28. Bd6 Rd7 29. c4 Rad8 30. h3 Rf7 31. Qe3 Rdd7 32. Rxf7 Bxf7 33. Rd2 Bg6
34. Kh2 Qc8 35. a4 Qb7 36. a5 a6 37. Qb6 Qc8 38. Kg1 Kg8 39. Rd4 Kh7 40. Kh2
Bf5 41. Kg1 Bg6 42. Rd2 Kg8 43. Ra2 Be4 44. Ra4 Qe8 45. Ra2 Qc8 46. b4 Bg6 47.
Kh2 Kh7 48. Rd2 Rf7 49. Bc5 Rd7 50. Rd6 Rxd6 51. exd6 Qf8 52. Bf2 Qxd6+ 53. Bg3
Qd2 54. Qxc6 Qe2 55. Qf3 1/2-1/2

[Event "58 POL Ch"]
[Site "Warszawa"]
[Date "2001.03.24"]
[Round "7"]
[White "Grabarczyk, Miroslaw"]
[Black "Markowski, Tomasz"]
[Result "1/2-1/2"]
[WhiteElo "2495"]
[BlackElo "2595"]
[PlyCount "31"]
[EventDate "2001.03.18"]
[Source "PolBase"]
[SourceDate "2001.03.21"]

1. d4 d6 2. Nf3 g6 3. g3 Bg7 4. Bg2 Nf6 5. O-O O-O 6. c4 Nc6 7. Nc3 Rb8 8. Qd3
Nd7 9. Be3 a6 10. Qd2 e5 11. dxe5 Ndxe5 12. Nxe5 Nxe5 13. b3 Ng4 14. Ba7 Ra8
15. Bd4 Bh6 16. f4 1/2-1/2

[Event "58 POL Ch"]
[Site "Warszawa"]
[Date "2001.03.24"]
[Round "7"]
[White "Kempinski, Robert"]
[Black "Socko, Bartosz"]
[Result "1/2-1/2"]
[WhiteElo "2554"]
[BlackElo "2557"]
[PlyCount "25"]
[EventDate "2001.03.18"]
[Source "PolBase"]
[SourceDate "2001.03.21"]

1. d4 Nf6 2. c4 e6 3. Nc3 d5 4. Nf3 c6 5. e3 Be7 6. Bd3 Nbd7 7. O-O O-O 8. b3
b6 9. Bb2 Bb7 10. Rc1 Qc7 11. Qe2 Rad8 12. Rfd1 Qb8 13. e4 1/2-1/2

[Event "58 POL Ch"]
[Site "Warszawa"]
[Date "2001.03.24"]
[Round "7"]
[White "Blehm, Pawel"]
[Black "Jaracz, Pawel"]
[Result "1/2-1/2"]
[WhiteElo "2512"]
[BlackElo "2477"]
[PlyCount "36"]
[EventDate "2001.03.18"]
[Source "PolBase"]
[SourceDate "2001.03.21"]

1. e4 c5 2. Nf3 e6 3. d4 cxd4 4. Nxd4 Nc6 5. Nc3 Qc7 6. Be2 a6 7. Be3 b5 8.
Nxc6 Qxc6 9. Bf3 Bb7 10. O-O Rc8 11. e5 Qc7 12. Bxb7 Qxb7 13. Qd3 Ne7 14. Rad1
Nf5 15. Bf4 Rc4 16. Ne2 Be7 17. c3 Rc7 18. Ng3 Nh4 1/2-1/2

[Event "58 POL Ch"]
[Site "Warszawa"]
[Date "2001.03.24"]
[Round "7"]
[White "Bartel, Mateusz"]
[Black "Urban, Klaudiusz"]
[Result "0-1"]
[WhiteElo "2392"]
[BlackElo "2434"]
[PlyCount "70"]
[EventDate "2001.03.18"]
[Source "PolBase"]
[SourceDate "2001.03.21"]

1. e4 g6 2. d4 Bg7 3. Nc3 d6 4. Bg5 Nc6 5. Bb5 Bd7 6. Nge2 Nf6 7. Qd2 h6 8. Bh4
a6 9. Bxc6 Bxc6 10. f3 b5 11. O-O-O b4 12. Nb1 a5 13. Rhe1 O-O 14. e5 Nd5 15.
c4 bxc3 16. Nexc3 Qd7 17. Nxd5 Bxd5 18. Nc3 c6 19. exd6 exd6 20. Nxd5 cxd5 21.
Kb1 Rfc8 22. Rc1 Qf5+ 23. Ka1 Rc4 24. Rxc4 dxc4 25. Bf2 a4 26. Qb4 Qc2 27. Be3
Re8 28. Rc1 Qxg2 29. Bg1 Re2 30. Qxa4 Rxb2 31. Qxc4 Rb8 32. Qc3 d5 33. a3 Bf8
34. Be3 Ra8 35. Rc2 Qf1+ 0-1

[Event "58 POL Ch"]
[Site "Warszawa"]
[Date "2001.03.24"]
[Round "7"]
[White "Gajewski, Grzegorz"]
[Black "Kuczynski, Robert"]
[Result "1-0"]
[WhiteElo "2352"]
[BlackElo "2504"]
[PlyCount "59"]
[EventDate "2001.03.18"]
[Source "PolBase"]
[SourceDate "2001.03.21"]

1. e4 c5 2. c3 Nf6 3. e5 Nd5 4. Nf3 Nc6 5. Bc4 Nb6 6. Bb3 c4 7. Bc2 d6 8. exd6
Qxd6 9. O-O Bg4 10. Re1 e6 11. b3 Be7 12. bxc4 Nxc4 13. d4 Nb6 14. Nbd2 Qc7 15.
Nf1 O-O 16. Ne3 Bh5 17. Bxh7+ Kh8 18. Bd3 f5 19. Nf1 Nd5 20. Bd2 Rf6 21. Ng3
Bxf3 22. Qxf3 Raf8 23. Bc4 Qd7 24. Nh5 R6f7 25. Bxd5 exd5 26. Nf4 Rd8 27. Qh5+
Kg8 28. Ng6 Rf6 29. Bg5 Re6 30. Bxe7 1-0

[Event "58 POL Ch"]
[Site "Warszawa"]
[Date "2001.03.26"]
[Round "8"]
[White "Urban, Klaudiusz"]
[Black "Gajewski, Grzegorz"]
[Result "1/2-1/2"]
[WhiteElo "2434"]
[BlackElo "2352"]
[PlyCount "112"]
[EventDate "2001.03.18"]
[Source "PolBase"]
[SourceDate "2001.03.21"]

1. Nf3 Nf6 2. g3 d5 3. Bg2 c6 4. d3 Bg4 5. h3 Bh5 6. O-O Nbd7 7. c4 dxc4 8.
dxc4 e5 9. Nc3 Be7 10. Nh4 Bg6 11. Nxg6 hxg6 12. Qc2 Qc7 13. Rb1 Nc5 14. b4 Ne6
15. Rd1 O-O 16. e3 Rfd8 17. Bd2 Nd7 18. Be1 f5 19. c5 Ndf8 20. Na4 Rxd1 21.
Rxd1 Rd8 22. Rxd8 Qxd8 23. Nb2 e4 24. Nc4 Qd7 25. Na5 Qd6 26. Qd2 Qxd2 27. Bxd2
Nd8 28. Nc4 Bf6 29. g4 Nf7 30. Na5 Nd8 31. Nc4 Nf7 32. Na5 Nd8 33. h4 Bxh4 34.
Bh3 Nd7 35. gxf5 Ne5 36. Bc3 Nd3 37. fxg6 Bxf2+ 38. Kf1 Bxe3 39. Bf5 Bf4 40.
Bxe4 Be5 41. Bd2 Bf4 42. Bxf4 Nxf4 43. Kf2 Kf8 44. Kf3 Nfe6 45. Kg4 Ke7 46. Kf5
b6 47. Nb3 bxc5 48. bxc5 Nb7 49. Bxc6 Nbxc5 50. Na5 Kd6 51. Bg2 Nd4+ 52. Kf4
Ke6 53. Kg5 Nd3 54. Bh3+ Kd5 55. Bg2+ Ke6 56. Bh3+ Kd5 1/2-1/2

[Event "58 POL Ch"]
[Site "Warszawa"]
[Date "2001.03.26"]
[Round "8"]
[White "Macieja, Bartlomiej"]
[Black "Bartel, Mateusz"]
[Result "1-0"]
[WhiteElo "2583"]
[BlackElo "2392"]
[PlyCount "49"]
[EventDate "2001.03.18"]
[Source "PolBase"]
[SourceDate "2001.03.21"]

1. d4 f5 2. Nc3 d5 3. f3 Nf6 4. Bg5 h6 5. Bxf6 exf6 6. Nh3 Be6 7. Qd3 Nc6 8.
Nf4 Qd7 9. Qe3 Kf7 10. O-O-O Re8 11. Qd3 Bb4 12. a3 Bxc3 13. Qxc3 Qd6 14. g3 g5
15. Ng2 f4 16. gxf4 Bh3 17. e4 Bxg2 18. e5 Qd7 19. Bxg2 gxf4 20. Rhe1 Rhg8 21.
e6+ Rxe6 22. Bh3 Nd8 23. Qd3 Qd6 24. Bxe6+ Nxe6 25. Rg1 1-0

[Event "58 POL Ch"]
[Site "Warszawa"]
[Date "2001.03.26"]
[Round "8"]
[White "Jaracz, Pawel"]
[Black "Krasenkow, Michal"]
[Result "1-0"]
[WhiteElo "2477"]
[BlackElo "2658"]
[PlyCount "89"]
[EventDate "2001.03.18"]
[Source "PolBase"]
[SourceDate "2001.03.21"]

1. e4 e5 2. Nf3 Nc6 3. Bc4 Bc5 4. c3 Nf6 5. d3 d6 6. Bb3 a6 7. h3 Ba7 8. Nbd2
O-O 9. Nf1 d5 10. Qe2 d4 11. Ng3 Qd6 12. O-O Bd7 13. Nh4 Ne7 14. Kh2 dxc3 15.
bxc3 Bb5 16. Bc2 Rfd8 17. Rd1 Qc5 18. a4 Qxc3 19. Ra3 Qc5 20. axb5 axb5 21. Rb3
Nc6 22. Nf3 b4 23. Be3 Qf8 24. Rb2 Nd4 25. Nxd4 Bxd4 26. Bxd4 Rxd4 27. Nf5 Rd7
28. Bb3 c5 29. Bc4 Ra5 30. Ra2 b6 31. Qe3 g6 32. Nh6+ Kg7 33. Rda1 Rda7 34. Qg5
Qd8 35. Rxa5 bxa5 36. Nxf7 Rxf7 37. Bxf7 Kxf7 38. Qxe5 Qb6 39. d4 c4 40. Rxa5
b3 41. Rb5 Qe6 42. Qc7+ Kf8 43. e5 Ne8 44. Qc5+ Kg8 45. Rb4 1-0

[Event "58 POL Ch"]
[Site "Warszawa"]
[Date "2001.03.26"]
[Round "8"]
[White "Socko, Bartosz"]
[Black "Blehm, Pawel"]
[Result "1/2-1/2"]
[WhiteElo "2557"]
[BlackElo "2512"]
[PlyCount "242"]
[EventDate "2001.03.18"]
[Source "PolBase"]
[SourceDate "2001.03.21"]

1. e4 c5 2. Nf3 Nc6 3. d4 cxd4 4. Nxd4 Nf6 5. Nc3 d6 6. Bg5 e6 7. Qd2 a6 8.
O-O-O Bd7 9. f3 Rc8 10. Be3 Nxd4 11. Bxd4 b5 12. g4 Bc6 13. g5 Nd7 14. h4 b4
15. Nb1 Qa5 16. a3 d5 17. axb4 Bxb4 18. Bc3 Bxc3 19. Qxc3 Qxc3 20. Nxc3 dxe4
21. Nxe4 Bxe4 22. fxe4 Rc6 23. Rh3 Ke7 24. Ra3 Rhc8 25. c3 Nc5 26. e5 h6 27.
gxh6 gxh6 28. Kc2 Rg8 29. b4 Ne4 30. Rd4 Rg4 31. h5 Rh4 32. Be2 f5 33. exf6+
Kxf6 34. Kd3 Kf5 35. Bf3 Rh3 36. Ke2 Nxc3+ 37. Kf2 Rh2+ 38. Kg3 Rc2 39. Ra5+ e5
40. Rf4+ Ke6 41. Bg4+ Kd6 42. Rf6+ Kc7 43. Rf7+ Kb6 44. Rxe5 Na2 45. Bf3 R2c3
46. Kg4 R6c4+ 47. Be4 Rc7 48. Rf6+ Ka7 49. b5 axb5 50. Rxb5 R3c5 51. Rb3 Rg7+
52. Kf4 Rc3 53. Rb5 Ra3 54. Rf8 Ka6 55. Rb2 Ra4 56. Kf5 Rg5+ 57. Kf6 Nb4 58.
Ra8+ Kb5 59. Bd3+ Kc6 60. Rxa4 Nxd3 61. Ra6+ Kc7 62. Re2 Kb7 63. Rd6 Nf4 64.
Re7+ Kc8 65. Rc6+ Kd8 66. Rd6+ Kc8 67. Kf7 Rxh5 68. Ke8 Rd5 69. Rc6+ Kb8 70.
Re1 Rb5 71. Rxh6 Nd5 72. Kd7 Rb7+ 73. Kd8 Rb6 74. Rh2 Rd6+ 75. Ke8 Kc8 76. Rc1+
Nc7+ 77. Kf7 Rd7+ 78. Kf6 Rd6+ 79. Ke5 Rd5+ 80. Ke4 Rd7 81. Ra2 Kd8 82. Rh1 Kc8
83. Rb1 Rd6 84. Rab2 Kd7 85. Rb8 Re6+ 86. Kf5 Ra6 87. Rh8 Ra5+ 88. Kf6 Ra6+ 89.
Kf7 Rd6 90. Rbb8 Kc6 91. Rh1 Kd7 92. Rc1 Rc6 93. Ra1 Rd6 94. Ra7 Ra6 95. Rab7
Ra1 96. Rh8 Rf1+ 97. Kg6 Rg1+ 98. Kf5 Rf1+ 99. Ke4 Re1+ 100. Kd3 Kc6 101. Rb2
Re7 102. Rh6+ Kd7 103. Kd4 Ne6+ 104. Kc4 Rf7 105. Re2 Rf4+ 106. Kd5 Rf5+ 107.
Ke4 Ra5 108. Rh7+ Kc6 109. Rh6 Kd7 110. Rb2 Rc5 111. Rb6 Nc7 112. Rh7+ Kc8 113.
Rh8+ Kd7 114. Kd4 Rc1 115. Rg6 Rd1+ 116. Kc3 Rc1+ 117. Kb2 Rc5 118. Kb3 Rb5+
119. Ka4 Rb1 120. Rh7+ Kc8 121. Rc6 Ra1+ 1/2-1/2

[Event "58 POL Ch"]
[Site "Warszawa"]
[Date "2001.03.26"]
[Round "8"]
[White "Markowski, Tomasz"]
[Black "Kempinski, Robert"]
[Result "0-1"]
[WhiteElo "2595"]
[BlackElo "2554"]
[PlyCount "154"]
[EventDate "2001.03.18"]
[Source "PolBase"]
[SourceDate "2001.03.21"]

1. g3 Nf6 2. Bg2 d5 3. Nf3 c5 4. O-O Nc6 5. d4 e6 6. c4 dxc4 7. dxc5 Qa5 8. Na3
Qxc5 9. Qa4 Be7 10. Qxc4 O-O 11. Qxc5 Bxc5 12. Nc4 Rd8 13. Bg5 h6 14. Bxf6 gxf6
15. Nfd2 Be7 16. Rfd1 Bd7 17. Ne4 Rab8 18. Ncd6 b6 19. Rac1 f5 20. Nc3 a6 21.
Rd2 Ne5 22. Rcd1 Bc6 23. Bxc6 Nxc6 24. Kg2 Kf8 25. h3 Rd7 26. a4 Rbd8 27. Nc4
Rxd2 28. Rxd2 Rb8 29. Rd7 b5 30. axb5 axb5 31. Nd2 Ne5 32. Rc7 Bd6 33. Ra7 b4
34. Na4 Rc8 35. f4 Nc4 36. Nb3 Be7 37. Rb7 Ne3+ 38. Kf3 Nd5 39. Rb5 Rc4 40.
Nac5 Kg7 41. Nd3 h5 42. h4 Bd6 43. Rb7 Nf6 44. Rb6 Ne4 45. Na5 Rc2 46. Rc6 b3
47. Ra6 Nd2+ 48. Kf2 Bc7 49. Nc6 Bd8 50. Nd4 Rc4 51. Nb5 Rc2 52. Na3 Rc8 53.
Ke3 Ne4 54. Kf3 Bf6 55. Kg2 Kh6 56. Rb6 Rg8 57. Rxb3 Rxg3+ 58. Kh2 Re3 59. Nc1
Rxb3 60. Nxb3 Bxh4 61. Kg2 Bg3 62. e3 h4 63. Nc4 Kh5 64. Nd4 f6 65. Nf3 Kg4 66.
Nh2+ Bxh2 67. Kxh2 h3 68. b4 Nc3 69. Nd6 Nd5 70. b5 Nxe3 71. b6 Kh4 72. b7 Ng4+
73. Kh1 Kg3 74. b8=Q Nf2+ 75. Kg1 h2+ 76. Kf1 h1=Q+ 77. Ke2 Qd1+ 0-1

[Event "58 POL Ch"]
[Site "Warszawa"]
[Date "2001.03.26"]
[Round "8"]
[White "Gdanski, Jacek"]
[Black "Grabarczyk, Miroslaw"]
[Result "1/2-1/2"]
[WhiteElo "2548"]
[BlackElo "2495"]
[PlyCount "96"]
[EventDate "2001.03.18"]
[Source "PolBase"]
[SourceDate "2001.03.21"]

1. e4 e5 2. Nf3 Nc6 3. Bb5 Nf6 4. O-O Nxe4 5. d4 Nd6 6. Bxc6 dxc6 7. dxe5 Nf5
8. Qxd8+ Kxd8 9. Nc3 Bd7 10. Rd1 Kc8 11. Ng5 Be8 12. b3 c5 13. Bb2 Nd4 14. Nd5
h6 15. Ne4 Nf5 16. a4 a5 17. Rd3 b6 18. c4 Kb7 19. Rad1 Rd8 20. h3 Ne7 21. Nf4
Rxd3 22. Rxd3 Kc8 23. Nh5 Bc6 24. Nc3 Bd7 25. g4 Rg8 26. Kh2 Be8 27. f4 Nc6 28.
Nd5 Be7 29. Nxe7+ Nxe7 30. f5 Nc6 31. Nf4 Nb4 32. Rd2 Bc6 33. e6 Be8 34. e7 Nc6
35. f6 gxf6 36. Bxf6 Bd7 37. Kg3 Re8 38. Ne6 Bxe6 39. Kf2 Bd5 40. Rxd5 Nxe7 41.
Bxe7 Rxe7 42. Rh5 Rd7 43. Ke2 Re7+ 44. Kd2 Rd7+ 45. Kc2 Re7 46. Rxh6 Re3 47.
Rh7 Rg3 48. Rxf7 Rxh3 1/2-1/2